Statistics for First Generation Poison-Type Pokemon

Click here to take the quiz!

General Stats

  • This quiz has been taken 12 times
  • The average score is 32 of 33

Answer Stats

Pokemon% Correct
Arbok
100%
Beedrill
100%
Bellsprout
100%
Bulbasaur
100%
Ekans
100%
Gloom
100%
Ivysaur
100%
Kakuna
100%
Koffing
100%
Nidoking
100%
Nidoqueen
100%
Nidoran (female)
100%
Nidoran (male)
100%
Nidorina
100%
Nidorino
100%
Oddish
100%
Tentacool
100%
Tentacruel
100%
Venomoth
100%
Venonat
100%
Venusaur
100%
Victreebel
100%
Vileplume
100%
Weedle
100%
Weepinbell
100%
Weezing
100%
Grimer
90%
Muk
90%
Gastly
80%
Gengar
80%
Haunter
80%
Golbat
70%
Zubat
70%

Score Distribution

Percentile by Number Answered

Percent of People with Each Score

Your Score History

You have not taken this quiz